000 00549nam a22001937a 4500
003 KOHA_MİRAKIL
005 20260325115209.0
008 260325b tu ||||| |||| 00| 0 tur d
020 _a9786052984505
040 _aTR-AnABB
_btur
_cTR-AnABB
041 _atur
082 _a322.4209561
_bPEH 2019
100 1 _aPehlivan, Barış
245 1 0 _aMetastaz /
_cBarış Pehlivanoğlu
260 _aİstanbul :
_bKırmızı Kedi Yayınevi,
_c2019
300 _a254 sayfa :
_c20 cm
650 0 4 _aSiyasi Suçlar Türkiye
942 _2ddc
_cBK
999 _c10033
_d10033
900 _bCem ÖZOGLU